County and township map of the states of New Hampshire and Vermont
Saved in:
| Main Author: | |
|---|---|
| Corporate Authors: | , |
| Format: | Electronic |
| Language: | English |
| Published: |
[1880].
|
| Series: | David Rumsey Collection digital maps
|
| Subjects: | |
| Tags: |
Add Tag
No Tags, Be the first to tag this record!
|
| LEADER | 01484nea a2200349Ka 4500 | ||
|---|---|---|---|
| 001 | 012024906-5 | ||
| 005 | 20090630193809.0 | ||
| 008 | 060531s1880 paud a s 0 eng d | ||
| 034 | 1 | |a a |b 665000 |d W0732600 |e W0703500 |f N0452100 |g N0424200 | |
| 035 | 0 | |a ocm69661493 | |
| 040 | |a CUY |c CUY | ||
| 052 | |a 3740 | ||
| 052 | |a 3750 | ||
| 100 | 1 | |a Mitchell, S. Augustus |q (Samuel Augustus), |d 1792-1868. | |
| 245 | 1 | 0 | |a County and township map of the states of New Hampshire and Vermont |h [electronic resource]. |
| 255 | |a Scale [ca. 1:665,000] |c (W 73⁰26ʹ--W 70⁰35ʹ/N 45⁰21ʹ--N 42⁰42ʹ). | ||
| 260 | |c [1880]. | ||
| 500 | |a Relief shown by hachures. | ||
| 500 | |a Shows counties, county seats, villages, railroads, etc. | ||
| 500 | |a Prime meridians: Greenwich and Washington. | ||
| 500 | |a Scanned raster image of original: 1 map : hand col. ; 48 x 36 cm. | ||
| 500 | |a Original in the David Rumsey Collection; scanned by Cartography Associates. | ||
| 510 | 4 | |a Cobb, D.A. New Hampshire maps to 1900, |c 363 | |
| 510 | 4 | |a Cobb, D.A. Vermont maps prior to 1900, |c 395 | |
| 651 | 0 | |a New Hampshire |v Maps. | |
| 651 | 0 | |a Vermont |v Maps. | |
| 710 | 2 | |a David Rumsey Collection. | |
| 710 | 2 | |a Cartography Associates. | |
| 773 | 0 | |a Mitchell, S. Augustus (Samuel Augustus), 1792-1868. |t Mitchell's new general atlas. |d Philadelphia : S. Augustus Mitchell, 1880, c1879. |g p. 18-19. |w (OCoLC)69371482 | |
| 830 | 0 | |a David Rumsey Collection digital maps |5 net | |
| 988 | |a 20090630 | ||
| 906 | |0 OCLC | ||


